The Mass of galaxies at low and high redshift (Record no. 15012)

MARC details
000 -LEADER
fixed length control field 00947nam a2200241Ia 4500
003 - CONTROL NUMBER IDENTIFIER
control field IN-BaIIA
008 - FIXED-LENGTH DATA ELEMENTS--GENERAL INFORMATION
fixed length control field 211028s9999 xx 000 0 eng d
020 ## - INTERNATIONAL STANDARD BOOK NUMBER
International Standard Book Number 3-540-00205-7
040 ## - CATALOGING SOURCE
Transcribing agency IIA Library
080 ## - UNIVERSAL DECIMAL CLASSIFICATION NUMBER
Universal Decimal Classification number 524.7(082.2)
Item number THE
111 ## - MAIN ENTRY--MEETING NAME
Meeting name or jurisdiction name as entry element European Southern Observatory and Universitats-Sternwarte Muchen Workshop
Location of meeting Venice, Italy
Date of meeting or treaty signing 2001 Oct. 24-26
9 (RLIN) 27228
245 #4 - TITLE STATEMENT
Title The Mass of galaxies at low and high redshift
Remainder of title proceedings of the european southern observatory and universitats-sternwarte muchen workshop held in Venice, Italy, October 24-26, 2001
Statement of responsibility, etc. edited by Ralf Bender and Alvio Renzini
260 ## - PUBLICATION, DISTRIBUTION, ETC.
Place of publication, distribution, etc. Berlin
Name of publisher, distributor, etc. Springer-Verlag
Date of publication, distribution, etc. 2003
300 ## - PHYSICAL DESCRIPTION
Extent xxii, 363p.
490 ## - SERIES STATEMENT
Series statement ESO astrophysics symposia
650 ## - SUBJECT ADDED ENTRY--TOPICAL TERM
Topical term or geographic name entry element BHB stars
9 (RLIN) 27229
650 ## - SUBJECT ADDED ENTRY--TOPICAL TERM
Topical term or geographic name entry element Dark matter
9 (RLIN) 14945
650 ## - SUBJECT ADDED ENTRY--TOPICAL TERM
Topical term or geographic name entry element Galaxy masses
9 (RLIN) 27230
650 ## - SUBJECT ADDED ENTRY--TOPICAL TERM
Topical term or geographic name entry element Milky way
9 (RLIN) 6712
700 ## - ADDED ENTRY--PERSONAL NAME
Personal name Bender, Ralf, ed.
9 (RLIN) 27231
700 ## - ADDED ENTRY--PERSONAL NAME
Personal name Renzini, Alvio., ed.
9 (RLIN) 11645
942 ## - ADDED ENTRY ELEMENTS (KOHA)
Koha item type Books
Holdings
Withdrawn status Lost status Damaged status Not for loan Home library Current library Shelving location Date acquired Source of acquisition Cost, normal purchase price Total Checkouts Full call number Barcode Date last seen Cost, replacement price Price effective from Koha item type Purchase Price
        IIA Library-Bangalore IIA Library-Bangalore General Stacks 06/04/2003 ANJ 2067.40   524.7(082.2)/ THE 15934 05/11/2021 2067.40 06/04/2003 Books Rs. 2067.40

Powered by Koha